00521nam a2200181 a 4500001001300000003000900013005001700022008004100039020002300080082001300103100002100116245008300137260004200220300000900262500003500271505001200306700002100318nice12345678IN_TiNIC20260116014616.0050715s2005 newa grp 000 0 eng  a817755915X c79500a291bTAM aTambyah, T Issac aForegleams of Godb a Comparative Study of Hinduism, Buddhism and Christianity aNew Delhi bCosmo Publications c2005 a486p aincludes index and biblioraphy2 aindices1 aTambyah, T Issac